Click a Monetary Person Quiz Stats

 Plays Quiz Updated Jul 14, 2015

Challenge
Share
Tweet
Embed
Score 0/20 Timer 06:00
7 Plays Today
% Correct
Bill Gates
98%
Bill Clinton
97.3%
C. K. Yen
95.9%
Bill Murray
93.8%
Mark Twain
89.9%
Mark Hamill
89.3%
Johnny Cash
88%
Mark David Chapman
81.7%
Vincent Price
74.7%
Bill Haley
71.5%
% Correct
Eddie Money
69.5%
Penny Robinson
67.8%
Tracey Gold
64.7%
Ezra Pound
64.7%
Penny Marshall
63.5%
Bill Nighy
60.5%
Bill Wyman
59.6%
David Price
56.9%
Mark Knopfler
55.4%
Johnny Dollar
51.8%

You're not logged in!

Compare scores with friends on all Sporcle quizzes.
OR
Log In

You Might Also Like...

Show Comments

Extras

Top Quizzes Today


Score Distribution

Your Account Isn't Verified!

In order to create a playlist on Sporcle, you need to verify the email address you used during registration. Go to your Sporcle Settings to finish the process.

Report this User

Report this user for behavior that violates our Community Guidelines.

Details: